00624nam a22001937a 450000500170000001000150001702000220003203500130005403700130006708200120008010000230009224500420011526000340015727000370019130000220022894200260025099900170027695201370029320100821113250.0 aENG-101186 a818615283c150.00 aEN-84719 bDBAD/PUB a154.634 aWagh, B. G.916769 aDreams and realities /cby B. G. Wagh aPunebSuvidya Prakashanc2009 a149, Shaniwar PethbPunee411030 a135p.c25cm (pbk) 2ddccENh154.634mWAG c42826d42826 001040718NFICaDBADbDBADd2010-08-21eDBAD/PUBg150.00l0o154.634 WAGpEN-84719r2010-08-21 00:00:00t1v150.00w2010-08-21yEN